Responses for Show #790 - Friday, January 29, 1988

Final Jeopardy! logo flashes on the game board's monitors instead of the show's logo.

Contestants

[<< previous game]

Judy Flannery, a homemaker from Eugene, Oregon

Doug Petroff-Tobler, a civil litigator from Phoenix, Arizona

Steve Kravitz, a trust and estate attorney from West Palm Beach, Florida (whose 3-day cash winnings total $35,400)

[next game >>]

Jeopardy! Round responses

AUTOBIOGRAPHIES
COLORS
GEOLOGY
CLASSIC COUNTRY
STARTS WITH "B"
ENDS WITH "UNK"
    $100 1
Rosalynn Carter

Steve
    $100 16
scarlet

Doug
    $100 7
lagoon

Steve
    $100 24
(Doug: What is country?)

naturally

Doug
Triple Stumper
    $100 3
beefcake

Judy
    $100 17
debunk

Steve
    $200 2
Roosevelt Grier

Doug
    $200 22
navy

Steve
    $200 8
glaciers

Steve
    $200 25
"Tom Dooley"

Steve
    $200 12
bedside manner

Doug
    $200 18
pre-shrunk

Triple Stumper
    $300 4
Armand Hammer

Steve
    $300 23
pinks

Triple Stumper
    $300 9
sedimentary

Steve
    $300 26
"The Gambler" (Kenny Rogers)

Steve
    $300 13
beagle

Doug
    $300 19
trunk

Judy
    $400 5
Eddie Fisher

Steve
    $700 28
(Judy: What is ochre?)

khaki

Judy
    $400 10
anthracite

Steve
    $400 27
Charley Pride

Judy
    $400 14
belladonna

Steve
    $400 20
spunk

Judy
    $500 6
Candice Bergen

Steve
    $500 29
(Steve: What is mauve?)

taupe

Steve
Triple Stumper
    $500 11
Cenozoic

Steve
    $500 30
"Wolverton Mountain"

Triple Stumper
    $500 15
bib

Judy
    $500 21
punk

Triple Stumper

Scores at the first commercial break (after clue 17):

Steve Doug Judy
$3,300 $800 $600

Scores at the end of the Jeopardy! Round:

Steve Doug Judy
$3,500 $700 $1,000

Double Jeopardy! Round responses

ARCHITECTURE
ROYALTY
DANCE
NAME CHANGES
ALICE IN WONDERLAND
KANSAS
    $200 8
(Frank) Lloyd Wright

Judy
    $200 2
his head

Judy
    $200 7
swans

Steve
    $200 1
Jean Stapleton

Steve
    $200 18
"Drink Me"

Steve
    $200 21
wheat

Judy
    $400 10
pedestal

Steve
    $400 3
Persia

Steve
    $400 9
Shirley Temple

Steve
    $400 14
John Derek

Doug
    $400 27
he stole the tarts

Judy
    $1,000 23
(Judy: What is Topeka?)

Wichita ("Wichita Lineman")

Judy
    $600 11
American Indians

Steve
    $600 4
Italy

Judy
    $600 19
Hungary

Steve
    $600 15
John Gavin

Judy
    $1,000 28
"Off with his head!"

Judy
    $600 24
segregation

Judy
    $800 12
Rococo

Steve
    $800 5
Constantine

Steve
    $800 20
Mazurka

Triple Stumper
    $800 16
Mitzi Gaynor

Judy
    $800 29
Cheshire Cat

Doug
    $800 25
Eisenhower

Judy
    $1000 13
Buckminster Fuller

Doug
    $1000 6
Cheops (Khufu)

Judy
    $1000 22
Flamenco

Triple Stumper
    $1000 17
Vic Damone

Doug
    $1000 30
(Judy: Who was The Dormouse?)

the Caterpillar

Judy
Triple Stumper
    $1000 26
(Doug: Who was Cortes?)

Coronado

SteveDoug

Scores at the end of the Double Jeopardy! Round:

Steve Doug Judy
$9,100 $2,900 $5,400

[wagering suggestions for these scores]

Final Jeopardy! Round responses

AFRICA
DougWhat is Egypt?
$900
JudyWhat is Ethiopia?
$5,400
SteveWhat is Egypt?
$2,000
Ethiopia

Final scores:

Steve Doug Judy
$7,100 $2,000 $10,800
2nd place: a trip to Mexico City + the Jeopardy! computer or box game 3rd place: American Flyer travel luggage + the Jeopardy! computer or box game New champion: $10,800 + the Jeopardy! computer or box game

Game dynamics:

Coryat scores:

Steve Doug Judy
$9,100 $2,900 $6,700
25 R,
1 W
8 R,
2 W
16 R
(including 1 DD),
3 W
(including 2 DDs)

Combined Coryat: $18,700

[game clues] [game scores] [suggest correction]

Game tape date: 1987-10-19
The J! Archive is created by fans, for fans. Scraping, republication, monetization, and malicious use prohibited; this site may use cookies and collect identifying information. See terms. The Jeopardy! game show and all elements thereof, including but not limited to copyright and trademark thereto, are the property of Jeopardy Productions, Inc. and are protected under law. This website is not affiliated with, sponsored by, or operated by Jeopardy Productions, Inc. Join the discussion at JBoard.tv.